Statistics for Issa Rae Filmography

Click here to take the quiz!

General Stats

  • This quiz has been taken 7 times
    (2 since last reset)
  • The average score is 17 of 46

Answer Stats

TypeYearName% Correct
Film2023American Fiction
100%
Film2023Barbie
100%
FilmTBASpider-Man: Beyond the Spider-Verse
100%
Film2015A Bitter Lime
50%
TV Show2019-2023A Black Lady Sketch Show
50%
Web Series2020#BlackAF
50%
Web Series2018BoJack Horseman
50%
Film2020Coastal Elites
50%
Short Film2019Hair Love
50%
Music Video2013Happy
50%
TV Show2016-2021Insecure
50%
TV Show2013Instacurity
50%
Film2019Little
50%
Short Film2013Little Horribles
50%
Music Video2017Moonlight
50%
Music Video2018Nice for What
50%
Short Film2014Protect and Serve
50%
Web Series2022Roar
50%
TV Film2014Rubberhead
50%
TV Show2020Saturday Night Live
50%
Film2023Spider-Man: Across the Spider-Verse
50%
Director2013The Choir
50%
TV Show2012The Couple
50%
Film2018The Hate U Give
50%
Film2020The Lovebirds
50%
Web Series2011-2013The Mis-Adventures of Awkward Black Girl
50%
TV Show2012-2013The Number
50%
Film2020The Photograph
50%
TV Show2013True Friendship Society
50%
Film2022Vengeance
50%
Commercial2018CoverGirl
0%
FilmTBAEmpress of Serenity
0%
TV Show2013-2015Exhale
0%
Documentary Series2021Finding Your Roots with Henry Louis Gates, Jr.
0%
Web Series2022Legendary
0%
Commercial2021-PresentMasterClass
0%
TV Pilot2012M.O. Diaries
0%
TV Show2013My Roommate Is
0%
Commercial2020, 2022NBA
0%
TV Show2013Orange Is the New Black and Sexy
0%
Commercial2020Power the Polls
0%
Web Series2023Project Greenlight: A New Generation
0%
Web Series2022Send Help
0%
TV Show2022Sherman's Showcase
0%
TV Show2023The Real Friends of WeHo
0%
Web Series2023Young Love
0%

Score Distribution

Percentile by Number Answered

Percent of People with Each Score

Your Score History

You have not taken this quiz since the last reset